Color quiz - Statistics

General Stats
  • This quiz has been taken 22 times
    19 since last reset
  • The average score is 26 of 69
Answer Stats
Hint Answer % Correct
A Orange
86%
A Pink
86%
A Red
86%
A Yellow
86%
A Beige
71%
A Black
71%
A Blue
71%
A Brown
71%
A Gray
71%
A Green
71%
A Purple
71%
A White
71%
A Azure
57%
A Coral
57%
A Cyan
57%
A Lime Green
57%
A Magenta
57%
A Maroon
57%
A Navy Blue
57%
A Olive Green
57%
A Rose
57%
A Scarlet
57%
A Teal
57%
A Turquoise
57%
A Aquamarine
43%
A Charcoal
43%
A Cobalt Blue
43%
A Emerald Green
43%
A Gold
43%
A Indigo
43%
A Lilac
43%
A Peach
43%
A Ruby Red
43%
A Silver
43%
A Violet
43%
A Wine
43%
A Blood Red
29%
A Cream
29%
A Crimson
29%
A Forest Green
29%
A Lemon
29%
A Mahogany
29%
A Mauve
29%
A Mint Green
29%
A Mustard
29%
A Pistachio
29%
A Salmon
29%
A Sapphire
29%
A Almond
14%
A Amethyst
14%
A Bronze
14%
A Cerulean
14%
A Cherry
14%
A Chocolate
14%
A Fuchsia
14%
A Grass Green
14%
A Khaki
14%
A Periwinkle
14%
A Rust
14%
A Vermilion
14%
A Ash Gray
0%
A Brick Red
0%
A Caramel
0%
A Dandelion
0%
A Marble White
0%
A Marigold
0%
A Oak
0%
A Orange Peel
0%
A Prussian Blue
0%
No matching quizzes found
Score Distribution
Percent of People with Each Score
Percentile by Number Answered
Your Score History
You have not taken this quiz since the last reset